Video Games by Letter - G - Statistics

General Stats
  • This quiz has been taken 140 times
    83 since last reset
  • The average score is 9 of 16
Answer Stats
Hint Answer % Correct
Created by Rockstar, it's the second best-selling video game of all time Grand Theft Auto V
99%
Handheld Nintendo console Gameboy
88%
Rhythm game that really makes you FEEL like you're playing a guitar Guitar Hero
88%
Geometric Nintendo console Gamecube
81%
Mushroom-like enemies that Mario must stomp on Goomba
81%
Link and Zelda's eternal adversary Ganon
72%
Three of the eighteen Pokémon types: Grass
69%
16-bit Sega console Genesis
66%
Three of the eighteen Pokémon types: Ghost
59%
Three of the eighteen Pokémon types: Ground
57%
Xbox third-person shooter often shortened to the first word in the title Gears of War
38%
"That man is playing ______. Thought we wouldn’t notice, but we did." Galaga
36%
Wisecracking gecko obsessed with television Gex
36%
A true American hero from Street Fighter 2: Guile
34%
Knight Arthur goes on an infamously difficult quest to rescue princess Prin-Prin Ghosts 'n Goblins
19%
Genetic Lifeform and Disk Operating System GLaDOS
19%
No matching quizzes found
Score Distribution
Percent of People with Each Score
Percentile by Number Answered
Your Score History
You have not taken this quiz since the last reset